| 000 | 00591nam a2200241 a 4500 | ||
|---|---|---|---|
| 001 | nice12345678 | ||
| 003 | IN_TiNIC | ||
| 005 | 20260116011711.0 | ||
| 008 | 050524s0000 kara grp 000 0 urd | ||
| 020 |
_a _c100 |
||
| 082 | 0 | 0 |
_a239.9 _bWAH |
| 100 | _aWaheed, Sayeed Bin | ||
| 245 | _aIsai Missionary Se Mulaqat | ||
| 260 |
_aKarachi _bDeendar Anjuman _c0000 |
||
| 300 | _a96p | ||
| 500 | _aincludes index and biblioraphy | ||
| 505 | 2 | _a3 volumes bound together. | |
| 650 | _aApologetics | ||
| 700 | 1 | _aWaheed, Sayeed Bin | |
| 902 | _bSRS | ||
| 942 | _cBK | ||
| 999 |
_c3457 _d3457 |
||